Europa: Geografie mit H - Statistiken

Allgemein
  • Dieses Quiz wurde 281 mal gespielt
  • Das Durchschnittsergebnis liegt bei 8 aus 14
Antwortstatistiken
Hinweis Antwort % Korrekt
Hauptstadt von Finnland Helsinki
100%
Teil der Niederlande, dessen Name häufig als Synonym für das ganze Land gebraucht wird Holland
89%
Jütland, Peloponnes oder Krim sind in Europa Beispiele dafür Halbinsel
81%
Größte Stadt in der EU, die nicht Hauptstadt eines Landes ist Hamburg
80%
Nebenfluss der Elbe, der durch Berlin und Potsdam fließt Havel
66%
Nordseeinsel, die 1890 von Großbritannien an das Deutsche Reich überging Helgoland
65%
Einer der größten Parks in London, in dem sich der Serpentine Lake und die Speaker's Corner befinden {Hyde} Park
64%
Westlich von Amsterdam gelegene Stadt, die als Namenspate für einen New Yorker Stadtteil diente Haarlem
55%
Kroatischer Name von Kroatien Hrvatska
55%
Inselgruppe vor der Nordwestküste Schottlands, die in "Äußere" und "Innere" unterteilt ist Hebriden
42%
Für den Wintersport bekannter Berg bei Oslo Holmenkollen
36%
Norwegische Stadt, die eine der nördlichsten Städte der Welt mit über 10.000 Einwohnern ist und im 2. Weltkrieg vollständig zerstört wurde Hammerfest
35%
Die am dichtesten an Schweden gelegene dänische Stadt, Schauplatz von Shakespeares "Hamlet" Helsingør
17%
Im Osten von Belarus gelegene zweitgrößte Stadt des Landes Homel
15%
Keine übereinstimmenden Quizze gefunden
Verteilung der Resultate
Anzahl Personen mit jedem Resultat
Perzentil nach korrekt beantworteten Fragen
Ihre Resultats-Entwicklung
Sie haben dieses Quiz noch nicht gespielt